Central Library OPAC University of Rajshahi

The young cricketer / (Record no. 16676)

MARC details
000 -LEADER
fixed length control field 00788nam a2200241 i 4500
001 - CONTROL NUMBER
control field 16676
003 - CONTROL NUMBER IDENTIFIER
rucl marc code BD-RjUL
005 - DATE AND TIME OF LATEST TRANSACTION
control field 20211209000034.0
008 - FIXED-LENGTH DATA ELEMENTS--GENERAL INFORMATION
fixed length control field 140215r19651964enka j 000 0 eng d
035 ## - SYSTEM CONTROL NUMBER
System control number (BD-RjUL)16731
040 ## - CATALOGING SOURCE
Original cataloging agency DLC
Transcribing agency DLC
Modifying agency DLC
-- BD-RjUL
Language of cataloging eng
041 ## - LANGUAGE CODE
Language code of text/sound track or separate title eng
082 00 - DEWEY DECIMAL CLASSIFICATION NUMBER
Classification number 796.3582
Author mark and year BEY 1965
100 1# - MAIN ENTRY--PERSONAL NAME
Personal name Benaud, L. R.
9 (RLIN) 51509
245 14 - TITLE STATEMENT
Title The young cricketer /
Statement of responsibility, etc. [by] L. R. (Lou) Benaud ; with foreword and photo demonstration by Richie Benaud ; photography by Greg Weight.
260 ## - PUBLICATION, DISTRIBUTION, ETC. (IMPRINT)
Place of publication, distribution, etc. London :
Name of publisher, distributor, etc. Angus and Robertson,
Date of publication, distribution, etc. c1964 [reprinted 1965]
300 ## - PHYSICAL DESCRIPTION
Pagination 87 p. :
Illustrations ill. ;
Size 26 cm.
650 #0 - SUBJECT ADDED ENTRY--TOPICAL TERM
Topical term or geographic name as entry element Cricket
General subdivision Juvenile literature.
9 (RLIN) 51510
700 1# - ADDED ENTRY--PERSONAL NAME
Personal name Benaud, Richie,
Dates associated with a name 1930-
942 ## - ADDED ENTRY ELEMENTS (KOHA)
Source of classification or shelving scheme Dewey Decimal Classification
Koha item type Books
Holdings
Lost status Source of classification or shelving scheme Damaged status Not for loan Collection code Permanent Location Current Location Shelving location Date acquired Source of acquisition Cost, normal purchase price Total Checkouts Full call number Date last seen Copy number Koha item type
  Dewey Decimal Classification     Non-fiction Central Library, University of Rajshahi Central Library, University of Rajshahi   25/08/1969 Zeitlinger 25.00   796.3582 BEY 1965 15/02/2014 C-2 Books